00397nam a2200157Ia 45000010006000000050017000060080041000230410008000640820017000721000026000892450066001152600009001813000035001906500006002256540008002312294120260414150904.0260414t2012||||xx |||||||||||||| ||spa|| aESP a624.171bB74 aBorst, René deeAUT 0aNon-linear finite element analysis of solids and structuresb c2012 axxiii, 516 páginas :c25 cm. a0 aCIC